000 00205 a2200097 4500
001 30848
100 _aHeywood, R
245 _aThe Infinite hive
260 _aLondon
_bPan Books
_c
090 _c20745
_d20745
942 _aNUST-CAE
_cM
_c11942
999 _c265921
_d265921